<?xml version="1.0" encoding="UTF-8"?><?xml-stylesheet type="text/xsl" href="static/style.xsl"?><OAI-PMH xmlns="http://www.openarchives.org/OAI/2.0/" xmlns:xsi="http://www.w3.org/2001/XMLSchema-instance" xsi:schemaLocation="http://www.openarchives.org/OAI/2.0/ http://www.openarchives.org/OAI/2.0/OAI-PMH.xsd"><responseDate>2026-04-17T02:50:37Z</responseDate><request verb="GetRecord" identifier="oai:www.recercat.cat:2117/413321" metadataPrefix="marc">https://recercat.cat/oai/request</request><GetRecord><record><header><identifier>oai:recercat.cat:2117/413321</identifier><datestamp>2025-07-23T01:27:49Z</datestamp><setSpec>com_2072_1033</setSpec><setSpec>col_2072_452951</setSpec></header><metadata><record xmlns="http://www.loc.gov/MARC21/slim" xmlns:dcterms="http://purl.org/dc/terms/" xmlns:xsi="http://www.w3.org/2001/XMLSchema-instance" xmlns:doc="http://www.lyncode.com/xoai" xsi:schemaLocation="http://www.loc.gov/MARC21/slim http://www.loc.gov/standards/marcxml/schema/MARC21slim.xsd">
   <leader>00925njm 22002777a 4500</leader>
   <datafield ind2=" " ind1=" " tag="042">
      <subfield code="a">dc</subfield>
   </datafield>
   <datafield ind2=" " ind1=" " tag="720">
      <subfield code="a">Rueda Capdevila, Marc</subfield>
      <subfield code="e">author</subfield>
   </datafield>
   <datafield ind2=" " ind1=" " tag="260">
      <subfield code="c">2024-07-08</subfield>
   </datafield>
   <datafield ind2=" " ind1=" " tag="520">
      <subfield code="a">Aquesta memòria detalla el procés de disseny i optimització de la posició de conducció per al CAT 17, el tretzè monoplaça elèctric de l'equip de Formula Student BCN eMotorsport. L'objecte d'estudi es centra en l'ergonomia dins del vehicle i en els components que la configuren, específicament el seient, la pedalera, el volant i la geometria del monocasc. Atès que són més d'un els pilots encarregats de conduir el monoplaça en una mateixa temporada, es considera fonamental que aquesta posició pugui adaptar-se a diferents proporcions físiques. La necessitat d'un redisseny sorgeix a partir de les opinions dels jutges de la competició i els pilots de l'equip. Aquests han determinat que, malgrat la seva aparença esportiva, la posició de conducció mantinguda durant les tres últimes temporades no era l'adequada. Aprofitant el canvi de geometria per al CAT 17, part del disseny del monocasc es basarà en la posició de conducció definida. Per poder fer més precís aquest estudi, s'ha fet ús del laboratori del grup d'Enginyeria Biomecànica de l'ETSEIB. Gràcies a la seva tecnologia innovadora d'anàlisi del moviment i a l'eina de programari OpenSim, s'ha pogut realitzar l'escaneig de la posició de conducció podent fer un disseny més detallat dels elements que la conformen.</subfield>
   </datafield>
   <datafield tag="653" ind2=" " ind1=" ">
      <subfield code="a">Àrees temàtiques de la UPC::Enginyeria mecànica</subfield>
   </datafield>
   <datafield tag="653" ind2=" " ind1=" ">
      <subfield code="a">Automobiles, Racing--Design and construction</subfield>
   </datafield>
   <datafield tag="653" ind2=" " ind1=" ">
      <subfield code="a">Automòbils de competició--Disseny i construcció</subfield>
   </datafield>
   <datafield tag="653" ind2=" " ind1=" ">
      <subfield code="a">CampusLab</subfield>
   </datafield>
   <datafield ind2="0" ind1="0" tag="245">
      <subfield code="a">Diseño y optimización de la posición de conducción en un Formula Student</subfield>
   </datafield>
</record></metadata></record></GetRecord></OAI-PMH>